000
00325nam a2200133Ia 4500
005
20251222155209.0
008
251222s9999||||xx |||||||||||||| ||spa||
082
_a
MEQ.152
100
_a
Thomas A. Scaletta.
245
0
_a
Urgencias en Traumatología
250
_a
1ra. ed.
264
_b
Mc Graw Hill-Interam.
942
_c
LIB
999
_c
40244
_d
40244